Kamala Nehru: Ek atmiya jeevancharit (Record no. 167341)

MARC details
000 -LEADER
fixed length control field 00355nam a2200145Ia 4500
008 - FIXED-LENGTH DATA ELEMENTS--GENERAL INFORMATION
fixed length control field 230917s9999||||xx |||||||||||||| ||und||
040 ## - CATALOGING SOURCE
-- 200984
Original cataloging agency VIVEKANANDA LIBRARY
041 ## - Language
-- English
082 ## - DDC NUMBER
Classification number B N315K:K
100 ## - MAIN ENTRY--PERSONAL NAME
Personal name Kalhan, Promila
245 #0 - TITLE STATEMENT
Title Kamala Nehru: Ek atmiya jeevancharit
260 ## - PUBLICATION, DISTRIBUTION, ETC. (IMPRINT)
Place of publication, distribution, etc Delhi
Name of publisher, distributor, etc Vikas
Date of publication, distribution, etc 1974
300 ## - PHYSICAL DESCRIPTION
Pages vi, 136 p.
942 ## - ADDED ENTRY ELEMENTS (KOHA)
Koha item type Books
Holdings
Withdrawn status Lost status Damaged status Not for loan Location (home branch) Sublocation or collection (holding branch) Date acquired Koha issues (times borrowed) Koha full call number Accession No. Koha date last seen Koha item type
        VIVEKANANDA LIBRARY VIVEKANANDA LIBRARY 20/07/2012   B N315K:K 311002 17/09/2023 Books
© Designed and Maintained by Vivekananda Library, MDU Rohtak